| 000 | 00803nam a2200265Ia 4500 | ||
|---|---|---|---|
| 001 | Para_2161 | ||
| 003 | CHAP | ||
| 008 | 220125s1994 xx 000 0 und d | ||
| 010 | _a200775 | ||
| 040 | _cCHAP | ||
| 082 | _aPA 632.96 S2 | ||
| 100 |
_aSánchez Gutierrez, Francisco _9107578 |
||
| 245 |
_aControl biológico de plagas en invernadero : _b Araña roja, mosca blanca, pulgones, trips / _c por Francisco Sánchez Gutierrez |
||
| 260 |
_aMadrid : _b Mundi-Prensa |
||
| 300 | _a86 p. | ||
| 440 |
_aAgroguías mundi-prensa _92183 |
||
| 650 |
_aControl biológico de plagas _x invernadero _9165618 |
||
| 901 | _aPA 632.96 S2 | ||
| 902 | _aA | ||
| 905 | _a0000001994 a 0000000000 00 | ||
| 910 | _a1994 | ||
| 942 | _cPARA | ||
| 942 |
_cPARA _d1 |
||
| 999 |
_c200775 _d200775 |
||